current wwe championships - Statistics

General Stats
  • This quiz has been taken 5 times
  • The average score is 7 of 23
Answer Stats
Hint Answer % Correct
singles - men intercontinental championship
100%
singles - men united states championship
100%
singles - men world heavyweight championship
100%
singles - men wwe championship
80%
tag - men world tag team championship
60%
singles - women wwe womens championship
60%
singles - men nxt championship
40%
singles - women womens intercontinental championship
40%
singles - women womens united states championship
40%
singles - men north american championship
20%
tag - men nxt tag team championships
20%
singles - women nxt womens championship
20%
singles - women womens world championship
20%
tag - women wwe womens tag team championships
20%
singles - men nxt heritage cup
0%
singles - women nxt womens north american championship
0%
tag - mens tag team championships
0%
single - men wwe evolve championship
0%
singles - women wwe evolve womens championship
0%
singles - men wwe id championship
0%
singles - women wwe id womens championship
0%
singles - men wwe speed championship
0%
singles - women wwe womens speed championship
0%
No matching quizzes found
Score Distribution
Percent of People with Each Score
Percentile by Number Answered
Your Score History
You have not taken this quiz